World Currencies General Knowledge - Statistics

General Stats
  • This quiz has been taken 36 times
  • The average score is 14 of 20
Answer Stats
Question Answer % Correct
What currency was created in the Maastricht Treaty in 1992? Euro
97%
What is the currency of Sweden? Krona
94%
What U.S. Founding Father appears on the $100 U.S.? Benjamin Franklin
90%
On what country's banknotes can one see figures like Nadežda Petrović, Nikola Tesla,and Đorđe Vajfert? Serbia
90%
What is Guatemala's national currency, quetzal, named after? A type of bird
84%
What Q word is a slang word for Pound Sterling? Quid
84%
What leader are two national currencies in South American named after? Simón Bolívar
84%
What is the currency of Thailand? Baht
81%
In what country did the lira suffer sharp depreciation and high inflation in 2021–2022? Turkey
77%
What country became the first ever to adopt a cryptocurrency as an official currency in 2021, when it introduced Bitcoin? El Salvador
71%
What is the most traded African currency? South African Rand
68%
Which economic term describes the extreme inflation that repeatedly devalued the Argentine peso? Hyperinflation
65%
What does the W in KRW stand for? Won
65%
What country introduced a new currency called the Gold in 2024? Zimbabwe
65%
What is the basic unit of renminbi? Yuan
61%
What Western Asian country's currency has the highest value per single unit? Kuwait
48%
What currency uses the symbol ₽‎? Russian ruble
45%
What currency is subdivided into 100 paise, in three countries? Rupee
32%
What term is used for a currency that is widely held by countries for international trade and savings, such as the US dollar and Japanese yen? {Reserve} currency
29%
Which international monetary system, created in 1944, fixed many currencies to the US dollar, which itself was convertible into gold? {Bretton} {Woods}
23%
No matching quizzes found
Score Distribution
Percent of People with Each Score
Percentile by Number Answered
Your Score History
You have not taken this quiz